Statistics for Sevilla 2010's Starting XI

Click here to take the quiz!

General Stats

  • This quiz has been taken 760 times
    (623 since last reset)
  • The average score is 18 of 55

Answer Stats

Player% Correct
Jesús Navas
74%
Jesús Navas
74%
Ivan Rakitić
73%
Simon Kjær
68%
Kévin Gameiro
67%
Tomáš Vaclík
63%
Wissam Ben Yedder
63%
Carlos Bacca
62%
Geoffrey Kondogbia
57%
Éver Banega
55%
Grzegorz Krychowiak
52%
Sergio Rico
47%
Steven Nzonzi
46%
André Silva
42%
Adil Rami
38%
Beto
38%
Clément Lenglet
38%
Frédéric Kanouté
38%
Gary Medel
38%
Julien Escudé
37%
Benoît Trémoulinas
34%
Daniel Carriço
32%
Álvaro Negredo
31%
Andrés Palop
31%
Sergio Escudero
31%
Aleix Vidal
30%
Federico Fazio
30%
Gabriel Mercado
30%
Sergi Gómez
30%
Coke
24%
Emir Spahić
24%
José Antonio Reyes
23%
Vitolo
23%
Franco Vázquez
22%
Nicolás Pareja
21%
Samir Nasri
21%
Alberto Moreno
20%
Mariano
20%
Pablo Sarabia
20%
Adriano
18%
Didier Zokora
18%
Vicente Iborra
18%
Fernando Navarro
17%
Martín Cáceres
17%
Diego Perotti
15%
Romaric
15%
Ivica Dragutinović
14%
Piotr Trochowski
14%
Timothée Kolodziejczak
14%
Diego Capel
13%
Renato
13%
Javi Varas
11%
Manu del Moral
8%
Mouhamadou Dabo
8%
Abdoulay Konko
7%

Score Distribution

Percentile by Number Answered

Percent of People with Each Score

Your Score History

You have not taken this quiz since the last reset